<?xml version="1.0" encoding="UTF-8"?>
<record
    xmlns:xsi="http://www.w3.org/2001/XMLSchema-instance"
    xsi:schemaLocation="http://www.loc.gov/MARC21/slim http://www.loc.gov/standards/marcxml/schema/MARC21slim.xsd"
    xmlns="http://www.loc.gov/MARC21/slim">

  <leader>00264nam a2200109 a 4500</leader>
  <controlfield tag="005">20200930074023.0</controlfield>
  <controlfield tag="008">111024s1948                  000   spa d</controlfield>
  <datafield tag="100" ind1=" " ind2=" ">
    <subfield code="a">Bazin, Herv&#xE9;</subfield>
    <subfield code="9">60564</subfield>
  </datafield>
  <datafield tag="245" ind1=" " ind2="0">
    <subfield code="a">Vip&#xE9;re au poing.</subfield>
  </datafield>
  <datafield tag="260" ind1=" " ind2=" ">
    <subfield code="a">France,</subfield>
    <subfield code="c">1948.</subfield>
  </datafield>
  <datafield tag="999" ind1=" " ind2=" ">
    <subfield code="c">34461</subfield>
    <subfield code="d">34461</subfield>
  </datafield>
  <datafield tag="040" ind1=" " ind2=" ">
    <subfield code="a">DO-SdBNP</subfield>
  </datafield>
</record>
